000 00653nam a2200241Ia 4500
003 OSt
005 20220918223732.0
006 a|||||r|||| 00| 0
007 ta
008 220917b |||||||| |||| 00| 0 eng d
024 _a224,942
037 _cTextual
040 _aARTS
_cARTS
_beng
041 _2eng
_aeng
082 _aY15, N3(M.Phil)
100 _aButler Judith
_921875
245 0 _aBodies that matter
_b on the discursive limits of sex
260 _aNew York
_bRoutledge
_c1993
300 _axii, 288p
_ccm.
650 _aSOCIOLOGY
942 _hY15, N3(M.Phil)
_cTEXL
_2CC
999 _c279356
_d279356